000 01416nam a2200325 i 4500
999 _c65647
_d65647
001 768714001
003 CO-MdFUSB
005 20200625190552.0
007 ta
008 200403t2004 mau |||| |||| 00| 0 eng d
020 _a9781565639461
040 _aCO-MdFUSB
_bspa
_cCO-MdFUSB
_dCO-MdFUSBC
_erda
041 _aeng
082 _223
_a227.106
_bT629
100 _aTobin, Thomas.
_eautor
245 1 _aPaul's rhetoric in its contexts :
_bthe argument of Romans
_c/ Thomas H Tobin
264 1 _a Massachusetts :
_bHendrickson Publishers,
_c[2004]
264 4 _c© 2004
300 _a269 páginas
_c; 24 cm
336 _2rdacontent
_atexto
_btxt
337 _2rdamedia
_asin mediación
_bn
338 _2rdacarrier
_avolumen
_bnc
500 _aColección Dawn Christina Harrell
505 _aSituando a los romanos: judíos romanos y cristianos romanos. -- La comunidad judía de Roma. -- Introducción: cuestiones y metodología. -- Situando a los romanos: judíos romanos y cristianos romanos. -- La comunidad judía de Roma. -- La comunidad cristiana de Roma. -- La paradoja de la justicia, Abraham y defender la ley -. La incompatibilidad de gracia y pecado. -- La unidad de Romanos 8-11 - La escatología y el alcance de la filiación.
563 _aRústico
630 7 _aBiblia.
_pRomanos
_xCrítica, interpretación, etc.
942 _cBK
945 _aJTF-925
_bAEM-53